|
|
|
|
| LEADER |
00000cam a2200000 7i4500 |
| 001 |
0000155418 |
| 005 |
20120404.0 |
| 090 |
0 |
0 |
|a F
|b UND
|
| 100 |
1 |
|
|a King, Jonathan
|
| 245 |
1 |
0 |
|a Under the mountain [
|h digital video disc]
|c Jonathan King
|
| 260 |
|
|
|a s.l. :
|b New Zealand Film Commission ,
|c 20-
|
| 300 |
|
|
|a 1 digital video disc (91 minutes) :
|b col
|
| 500 |
|
|
|a Library has 4 copies
|
| 520 |
0 |
|
|a General viewing for all ages (U)
|
| 650 |
0 |
0 |
|a Movies
|
| 650 |
0 |
0 |
|a Movies, English
|
| 999 |
|
|
|a AV 27627
|b DIGITAL VIDEO DISC
|c PINJAMAN
|e PERPUSTAKAAN KOMUNITI PETALING JAYA
|
| 999 |
|
|
|a AV 27628
|b DIGITAL VIDEO DISC
|c PINJAMAN
|e PERPUSTAKAAN KOMUNITI PETALING JAYA
|